000 00359nam a22001457a 4500
008 210311b ||||| |||| 00| 0 eng d
020 _a9781435487376
041 _aeng
080 _25th
_a004
082 _a004
100 _a28
101 _aSHKI
245 _aGuide to Software A+ Managing, Maintaining, and Troubleshooting
_cAndrews,J
942 _2udc
_cBK
999 _c56285
_d56285